| 000 | 01021cam a22003137a 4500 | ||
|---|---|---|---|
| 003 | CHAP | ||
| 005 | 20220329132950.0 | ||
| 008 | 971013s1989 r 00010 d | ||
| 010 | _a740 | ||
| 011 | _a1712 | ||
| 035 | _a888 | ||
| 040 | _cCHAP | ||
| 090 | _aTesis | ||
| 100 | 0 | 0 |
_aZárate Domínguez, Jorge Hilario. _9124102 |
| 245 | 0 | _aComercialización de la leche en el Municipio de Chalco, Estado de México | |
| 260 |
_aChapingo, Méx. : _bEl autor, _c1989 |
||
| 300 |
_a33 h. _b; anexo |
||
| 502 | _aTesis (Ing. Agr. Esp. en Zootecnia) -- UACH. Departamento de Zootecnia | ||
| 590 |
_aALEPH _b10 _c20130110 _lUCH01 _h1206 |
||
| 590 |
_aBATCH-UPD _b10 _c20130110 _lUCH01 _h1959 |
||
| 590 |
_aBATCH-UPD _b10 _c20130410 _lUCH01 _h1319 |
||
| 590 |
_aBATCH-UPD _b10 _c20130914 _lUCH01 _h1716 |
||
| 590 |
_aCONVERSION _b10 _c20130109 _lUCH01 _h1302 |
||
| 650 | 1 | 4 |
_aLeche _xMercadeo _zTlaxcala. _965393 |
| 650 | 1 | 4 |
_aLeche _xProducción. _965400 |
| 901 | _aBK | ||
| 942 | _cTESIS | ||
| 949 |
_bBC _cTES _d-10347 _eTS1 _h22637 _i888 _si |
||
| 999 |
_c740 _d740 |
||